000 00364nam a2200145 a 4500
005 20140412111325.0
008 110105s19uu xx 00 eng d
020 _a0-590-42566-8
050 _aTR(PS E
_bTi49 1987
100 _aCarle, Eric
245 _aThe Tiny seed /
_cEric Carle.
260 _aU.S.A :
_bScholastic,
_c1987.
300 _aunp.
999 _c104611
_d104611